Geography Quiz

Random Geography or World Quiz

Big Cities in Big Countries Quiz Stats

 Plays Quiz Updated Jan 3, 2018

Challenge
Share
Tweet
Embed
Score 0/25 Timer 05:00
13 Plays Today
Country City % Correct
United StatesNew York
97.4%
ChinaBeijing
93.5%
United StatesLos Angeles
93%
United StatesChicago
87.7%
IndiaDelhi
86.8%
ChinaShanghai
85.9%
IndiaMumbai
79.2%
United StatesHouston
79%
BrazilRio de Janeiro
75.6%
IndonesiaJakarta
75.2%
BrazilSão Paulo
67.6%
BrazilBrasília
58.1%
United StatesPhoenix
49.5%
Country City % Correct
ChinaGuangzhou
43.7%
IndiaBengaluru
31.1%
IndiaChennai
31%
IndiaHyderabad
23.4%
BrazilSalvador
18.9%
ChinaShenzhen
18.1%
BrazilFortaleza
14.8%
IndonesiaSurabaya
13.8%
IndonesiaBandung
11.8%
ChinaTianjin
11.2%
IndonesiaMedan
9.9%
IndonesiaBekasi
3.5%

You're not logged in!

Compare scores with friends on all Sporcle quizzes.
OR
Log In

You Might Also Like...

Show Comments

Extras

Top Quizzes Today


Score Distribution

Your Account Isn't Verified!

In order to create a playlist on Sporcle, you need to verify the email address you used during registration. Go to your Sporcle Settings to finish the process.

Report this User

Report this user for behavior that violates our Community Guidelines.

Details: